Dirección y administración integrada de personas: fundamentos, procesos y técnicas en práctica (Registro nro. 1454)
[ vista simple ]
| 000 -CABECERA | |
|---|---|
| campo de control de longitud fija | 01678aam a2200529 4500 |
| 005 - FECHA Y HORA DE ACTUALIZACIÓN | |
| campo de control | 20241009094108.0 |
| 008 - LONGITUD FIJA | |
| campo de control de longitud fija | 150623b xxu||||| |||| 00| 0 spa d |
| 041 ## - IDIOMA | |
| Código de idioma del texto/pista de sonido o título separado | |
| 082 ## - CLASIFICACIÓN DECIMAL DEWEY | |
| Número de clasificación | 658.3 AR719d |
| 100 ## - AUTOR PERSONAL | |
| Nombre de persona | Ariza Montes, José Antonio |
| 100 ## - AUTOR PERSONAL | |
| Nombre de persona | Morales Gutiérrez, Alfonso Carlos |
| 245 ## - TÍTULO PROPIAMENTE DICHO | |
| Título | Dirección y administración integrada de personas: fundamentos, procesos y técnicas en práctica |
| 260 ## - PIE DE IMPRENTA | |
| Lugar de publicación, distribución, etc. | Español |
| 260 ## - PIE DE IMPRENTA | |
| Nombre del editor, distribuidor, etc. | McGraw-Hill |
| 260 ## - PIE DE IMPRENTA | |
| Fecha de publicación, distribución, etc. | 2004 |
| 300 ## - DESCRIPCIÓN FÍSICA | |
| Extensión | 416 páginas |
| 650 ## - Materia General | |
| Materia general | RECURSOS HUMANOS |
| 650 ## - Materia General | |
| Materia general | GESTIÓN DE RECURSOS HUMANOS |
| 650 ## - Materia General | |
| Materia general | ORGANIZACIONES |
| 650 ## - Materia General | |
| Materia general | RECLUTAMIENTO Y SELECCIÓN |
| 650 ## - Materia General | |
| Materia general | DESARROLLO DE COMPETENCIAS ORGANIZACIONALES |
| 650 ## - Materia General | |
| Materia general | DESARROLLO DE COMPETENCIAS INDIVIDUALES |
| 650 ## - Materia General | |
| Materia general | COMUNICACIÓN INTERNA |
| 650 ## - Materia General | |
| Materia general | CONTRATO PSICOLÓGICO |
| 650 ## - Materia General | |
| Materia general | ANÁLISIS DE PUESTOS |
| 650 ## - Materia General | |
| Materia general | OUTSOURCING |
| 650 ## - Materia General | |
| Materia general | ENTREVISTA |
| 650 ## - Materia General | |
| Materia general | COMPETENCIAS |
| 650 ## - Materia General | |
| Materia general | PERFIL DE COMPETENCIAS |
| 650 ## - Materia General | |
| Materia general | VALORACIÓN DE PUESTOS DE TRABAJO |
| 650 ## - Materia General | |
| Materia general | RECLUTAMIENTO |
| 650 ## - Materia General | |
| Materia general | SELECCIÓN |
| 650 ## - Materia General | |
| Materia general | TRABAJO TEMPORAL |
| 650 ## - Materia General | |
| Materia general | SELECCIÓN DE PERSONAL |
| 650 ## - Materia General | |
| Materia general | CATEGORIAS SALARIALES |
| 650 ## - Materia General | |
| Materia general | EVALUACIÓN DE PERSONAS |
| 650 ## - Materia General | |
| Materia general | COMUNICACIÓN |
| 650 ## - Materia General | |
| Materia general | CONSEJOS PARA AFRONTAR PRUEBAS PSICOTÉCNICAS |
| 650 ## - Materia General | |
| Materia general | CONSEJOS PARA AFRONTAR PRUEBAS DE PERSONALIDAD |
| 650 ## - Materia General | |
| Materia general | CONVENIOS COLECTIVOS |
| 650 ## - Materia General | |
| Materia general | ERRORES EN LA ENTREVISTA DE SELECCIÓN |
| 650 ## - Materia General | |
| Materia general | INTRUMENTOS DE EVALUACIÓN |
| 650 ## - Materia General | |
| Materia general | CUESTIONARIOS DE CONDUCTAS |
| 650 ## - Materia General | |
| Materia general | HUELGAS |
| 650 ## - Materia General | |
| Materia general | TEST |
| 942 ## - Punto de Acceso Adicional Koha | |
| Tipo de ítem Koha | Libro |
| Estado perdido | Fuente de clasificación o esquema de estantería | Estado dañado | No para préstamo | Biblioteca permanente | Biblioteca actual | Enumeración serial/Volumen | Signatura completa | Código de barras | Precio efectivo a partir del | Programa Académico | Tipo de ítem |
|---|---|---|---|---|---|---|---|---|---|---|---|
| Dewey Decimal Classification | Departamento de Biblioteca y Documentación Alfonso Chase Brenes | Departamento de Biblioteca y Documentación Alfonso Chase Brenes | 1 edición | 658.3 AR719d | 10444 | 12/10/2016 | Libro |